000 00305nam a2200133Ia 4500
008 240624s9999 xx 000 0 und d
041 _aeng
082 _a900 CAR
100 _aCARR E H
245 _aWHAT IS HISTORY
260 _c1990
_aNew Delhi
_bPenguin Books
300 _a188 : cm. ; 19
365 _cBPS
999 _c4076
_d4076